| 000 | 00650nam a2200229Ia 4500 | ||
|---|---|---|---|
| 003 | GCL | ||
| 008 | 140319s9999 xx 000 0 eng d | ||
| 040 |
_aGCL / _cGCL |
||
| 082 | 0 | 4 |
_a823.912 _bP E |
| 100 | 1 | _aPYKETT, LYN | |
| 245 | 1 | 0 |
_aENGENDERING FICTIONS: THE ENGLISH NOVEL IN THE EARLY TWENTIETH CENTURY / _cPYKETT, LYN |
| 260 |
_a[S.N] : _bEDWARD ARNOLD ، _c1995 |
||
| 300 | _a175 P | ||
| 650 | 0 | 4 | _aHISTORY AND CRITICISM |
| 650 | 0 | 4 | _aالبنوك-النقود |
| 650 | 0 | 4 | _aAUTHORSHIP |
| 650 | 0 | 4 | _aENGLISH FICTION |
| 650 | 0 | 4 | _aSEX DIFFERENCES |
| 650 | 0 | 4 | _aGENDER IDENTITY |
| 650 | 0 | 4 | _aSEX ROLE IN LITERATURE |
| 942 |
_2ddc _cBK |
||
| 999 |
_c25221 _d25221 |
||